000 00745nam a22001937a 4500
003 CO-ViMGA
008 180504b ||||| |||| 00| 0 eng d
020 _a9788423419517
040 _aCO-ViMGA
_bspa
_cCO-ViMGA
082 0 4 _a658.4012
_b D47a
100 1 _aOsterwalder, Alexander. Pigneur, Yves. Bernarda, Greg. Smith, Alan. Meneses, Montserrat
_912472
245 1 0 _aDiseñando la propuesta de valor:
_bcómo crear los productos y servicios que tus clientes están esperndo /
300 _a289 páginas :
_bilustraciones ; 19 x 24 cm.
500 _a"Generación de Modelos de Negocio".
650 1 4 _aEmpresa
_912474
650 1 4 _aGeneral empresa Empresa
_912473
650 1 4 _aInnovación y creatividad
_912475
942 _2ddc
_cBK
999 _c37008
_d37008